Manual mathemathics and mechanic (Record no. 543583)
[ view plain ]
| 000 -LEADER | |
|---|---|
| fixed length control field | 00459nam a22001457a 4500 |
| 082 ## - DEWEY DECIMAL CLASSIFICATION NUMBER | |
| Classification number | 510.2462 |
| Author Mark | CLE |
| -- | L-2, p-28 |
| 100 ## - MAIN ENTRY--PERSONAL NAME | |
| Personal name | Clements |
| 9 (RLIN) | 38991 |
| 110 ## - MAIN ENTRY--CORPORATE NAME | |
| Corporate name or jurisdiction name as entry element | Mcgraw Hill Book Company |
| 9 (RLIN) | 12514 |
| 245 ## - TITLE STATEMENT | |
| Title | Manual mathemathics and mechanic |
| Statement of responsibility, etc. | Guy roger Clements and Levi Thomas Wilson, |
| 260 ## - PUBLICATION, DISTRIBUTION, ETC. | |
| Place of publication, distribution, etc. | Newyork: |
| Name of publisher, distributor, etc. | Mcgraw Hill Book Company. |
| Date of publication, distribution, etc. | 1947. |
| 300 ## - PHYSICAL DESCRIPTION | |
| Extent | p.315.: |
| Dimensions | 24cm. |
| 526 ## - STUDY PROGRAM INFORMATION NOTE | |
| Program name | 0 |
| Interest level | 0 |
| Reading level | 0 |
| Title point value | 510_246200000000000_CLE |
| 650 ## - SUBJECT ADDED ENTRY--TOPICAL TERM | |
| Topical term or geographic name entry element | MCE |
| 9 (RLIN) | 379 |
| 942 ## - ADDED ENTRY ELEMENTS (KOHA) | |
| Source of classification or shelving scheme | |
| Koha item type | Book |
| Withdrawn status | Lost status | Source of classification or shelving scheme | Damaged status | Not for loan | Permanent Location | Current Location | Date acquired | Total Checkouts | Full call number | Barcode | Date last seen | Price effective from | Koha item type |
|---|---|---|---|---|---|---|---|---|---|---|---|---|---|
| Military College of Engineering (MCE) | Military College of Engineering (MCE) | 03/27/2014 | 510.2462 CLE | MCE-29149 | 03/27/2014 | 03/27/2014 | Book |
